| 000 | 00430nam a22001457a 4500 | ||
|---|---|---|---|
| 020 | _a075067136X | ||
| 040 | _cNUST | ||
| 082 |
_a621.48 _bMUR |
||
| 100 |
_aMurray, Raymond L. _958469 |
||
| 245 |
_aNuclear Energy : _bAn Introduction to the Concepts, Systems, and Applications of Nuclear Processes |
||
| 250 | _a5th Edition | ||
| 260 |
_aBoston: _bButterworth-Heinemann, _c2001. |
||
| 650 | _aNuclear Energy | ||
| 942 |
_2ddc _cBK |
||
| 999 |
_c611133 _d611133 |
||